|
|
|
|
| LEADER |
00000nnm a2200000 i 4500 |
| 001 |
dolg17863 |
| 005 |
20181113125711.0 |
| 008 |
181113suuuu hu o 000 hun d |
| 040 |
|
|
|a BGE Dolgozattár Repozitórium
|b hun
|
| 041 |
|
|
|a hun
|
| 100 |
1 |
|
|a Major Natália
|
| 245 |
1 |
2 |
|a A Rozmaring Étterem tevékenységének elemző bemutatása különös tekintettel a különféle alkalmakból lebonyolított rendezvényekre
|h [elektronikus dokumentum] /
|c Major Natália
|
| 246 |
1 |
0 |
|a A Rozmaring Étterem tevékenységének elemző bemutatása különös tekintettel az itt zajló rendezvényekre
|h [elektronikus dokumentum]
|
| 516 |
|
|
|a Project_work
|
| 695 |
|
|
|a rendezvény szervezés
|
| 695 |
|
|
|a Magyar vendéglátás
|
| 700 |
0 |
2 |
|a Gancsovné Rossi Krisztina
|e ths
|
| 856 |
4 |
0 |
|u http://dolgozattar.uni-bge.hu/17863/1/Major%20Nat%C3%A1lia%20FENPPF%20Projektmunka%202018.pdf
|z Dokumentum-elérés
|